| 000 | 00885pam a2200217 a 4500 | ||
|---|---|---|---|
| 001 | 1525319 | ||
| 005 | 20180301070042.0 | ||
| 008 | 901206s1991 nyua 001 0 eng | ||
| 010 | _a 90026334 | ||
| 020 |
_a0393030075 : _c$20.95 USA ($27.99 CAN.) |
||
| 040 |
_aDLC _cDLC _dDLC |
||
| 041 | _aeng | ||
| 080 | _a363.7 BRO | ||
| 082 | 0 | 0 |
_a363.7 BRO _220 |
| 100 | _a9 | ||
| 101 | _aMJE | ||
| 245 | 0 | 4 |
_aThe World watch reader on global environmental issues / _cmagazine staff editor, Lester R. Brown ; managing editor, James P. Gorman ; senior editor, Mark Cheater ; assistant editor, Howard Youth ; editorial committee, Lester R. Brown ... [et al.]. |
| 906 |
_a7 _bcbc _corignew _d1 _eocip _f19 _gy-gencatlg |
||
| 942 |
_2ddc _cBK |
||
| 999 |
_c43820 _d43820 |
||